Eintracht Frankfurt Squad 23/24 - Statistics

General Stats
  • This quiz has been taken 18 times
  • The average score is 20 of 34
Answer Stats
Kit No. Player % Correct
1 Kevin Trapp 🇩🇪
100%
7 Omar Marmoush 🇪🇬
100%
20 Makoto Hasebe 🇯🇵
87%
27 Mario Götze 🇩🇪
87%
3 Willian Pacho 🇪🇨
87%
24 Aurélio Buta 🇵🇹
80%
15 Ellyes Skhiri 🇹🇳
80%
4 Robin Koch 🇩🇪
80%
35 Tuta 🇧🇷
80%
36 Ansgar Knauff 🇩🇪
73%
26 Junior Dina Ebimbe 🇫🇷
73%
8 Farès Chaïbi 🇩🇿
67%
11 Hugo Ekitiké 🇫🇷
67%
16 Hugo Larsson 🇸🇪
67%
34 Nnamdi Collins 🇩🇪
67%
17 Sebastian Rode 🇩🇪
67%
22 Timothy Chandler 🇺🇸
67%
25 Donny van de Beek 🇳🇱
60%
29 Niels Nkounkou 🇫🇷
60%
31 Philipp Max 🇩🇪
60%
9 Saša Kalajdžić 🇦🇹
60%
5 Hrvoje Smolčić 🇭🇷
53%
33 Jens Grahl 🇩🇪
53%
40 Kauã Santos 🇧🇷
53%
41 Simon Simoni 🇦🇱
53%
19 Jean-Mattéo Bahoya 🇫🇷
47%
44 Davis Bautista 🇪🇨
40%
48 Nacho Ferri 🇪🇸
40%
47 Elias Baum 🇩🇪
33%
43 Noel Futkeu 🇩🇪
33%
46 Dario Gebuhr 🇩🇪
27%
49 Harpreet Ghotra 🇩🇪
20%
45 Mehdi Loune 🇩🇪
20%
37 Sidney Raebiger 🇩🇪
7%
No matching quizzes found
Score Distribution
Percent of People with Each Score
Percentile by Number Answered
Your Score History
You have not taken this quiz